MARC details
| 000 -CABECERA |
| campo de control de longitud fija |
01352nam a2200325 a 4500 |
| 001 - NÚMERO DE CONTROL |
| campo de control |
000013927 |
| 003 - IDENTIFICADOR DEL NÚMERO DE CONTROL |
| campo de control |
DO-SdBNP |
| 005 - FECHA Y HORA DE LA ÚLTIMA TRANSACCIÓN |
| campo de control |
20241030141145.0 |
| 007 - CAMPO FIJO DE DESCRIPCIÓN FÍSICA--INFORMACIÓN GENERAL |
| campo de control de longitud fija |
ta |
| 008 - DATOS DE LONGITUD FIJA--INFORMACIÓN GENERAL |
| campo de control de longitud fija |
091202s1998 dr ac 000 e spa d |
| 040 ## - FUENTE DE LA CATALOGACIÓN |
| Centro catalogador/agencia de origen |
DO-SdBNP |
| Lengua de catalogación |
spa |
| Centro/agencia transcriptor |
BNPHU |
| 082 #4 - NÚMERO DE LA CLASIFICACIÓN DECIMAL DEWEY |
| Número de clasificación |
577.097293 |
| Número de documento/Ítem |
D841y |
| Número de edición |
22 |
| 100 1# - ENTRADA PRINCIPAL--NOMBRE DE PERSONA |
| Nombre de persona |
Ducoudray Mansfield, Félix Servio, |
| Fechas asociadas al nombre |
1924-1989 |
| 9 (RLIN) |
31557 |
| 245 10 - MENCIÓN DE TÍTULO |
| Título |
Yo, despues de las gaviotas / |
| Mención de responsabilidad, etc. |
Félix Servio Ducoudray ; prólogo María Ugarte. |
| 260 ## - PUBLICACIÓN, DISTRIBUCIÓN, ETC. |
| Lugar de publicación, distribución, etc. |
Santo Domingo : |
| Nombre del editor, distribuidor, etc. |
Somos Artes Gráficas, |
| Fecha de publicación, distribución, etc. |
1998. |
| 300 ## - DESCRIPCIÓN FÍSICA |
| Extensión |
204 p. : |
| Otras características físicas |
il., retrs. ; |
| Dimensiones |
21 cm. |
| 500 ## - NOTA GENERAL |
| Nota general |
Incluye datos biográficos del autor en la contracubierta |
| 500 ## - NOTA GENERAL |
| Nota general |
Incluye índice de palabras latinas |
| 505 0# - NOTA DE CONTENIDO CON FORMATO |
| Nota de contenido con formato |
Reportajes periodísticos publicados en el suplemento sabatino del periódico El Caribe |
| 590 ## - NOTA LOCAL (RLIN) |
| Nota local |
Inventariado, 2020/MFF |
| 650 #4 - PUNTO DE ACCESO ADICIONAL DE MATERIA--TÉRMINO DE MATERIA |
| Término de materia o nombre geográfico como elemento de entrada |
Ecología |
| Subdivisión geográfica |
República Dominicana |
| Subdivisión de forma |
Ensayos, conferencias, etc. |
| 9 (RLIN) |
31558 |
| 650 #4 - PUNTO DE ACCESO ADICIONAL DE MATERIA--TÉRMINO DE MATERIA |
| Término de materia o nombre geográfico como elemento de entrada |
Reportajes |
| Subdivisión geográfica |
República Dominicana |
| 9 (RLIN) |
31559 |
| 650 #4 - PUNTO DE ACCESO ADICIONAL DE MATERIA--TÉRMINO DE MATERIA |
| Término de materia o nombre geográfico como elemento de entrada |
Parques naturales |
| Subdivisión geográfica |
República Dominicana |
| Subdivisión de forma |
Ensayos, conferencias, etc. |
| 9 (RLIN) |
31560 |
| 650 #0 - PUNTO DE ACCESO ADICIONAL DE MATERIA--TÉRMINO DE MATERIA |
| Término de materia o nombre geográfico como elemento de entrada |
Literatura dominicana. |
| 9 (RLIN) |
67 |
| 651 #4 - PUNTO DE ACCESO ADICIONAL DE MATERIA--NOMBRE GEOGRÁFICO |
| Nombre geográfico |
República Dominicana |
| Subdivisión general |
Descripciones Y Viajes |
| 9 (RLIN) |
1651 |
| 700 1# - PUNTO DE ACCESO ADICIONAL--NOMBRE DE PERSONA |
| Nombre de persona |
Ugarte, María |
| Fechas asociadas al nombre |
1914-2011 |
| Término indicativo de función/relación |
pról. |
| 9 (RLIN) |
24078 |
| 710 2# - PUNTO DE ACCESO ADICIONAL--NOMBRE DE ENTIDAD CORPORATIVA |
| Nombre de entidad corporativa o nombre de jurisdicción como elemento de entrada |
El Caribe (República Dominicana) |
| 9 (RLIN) |
31561 |
| 910 ## - DATOS DE OPCIÓN DEL USUARIO (OCLC) |
| Datos de opción del usuario |
Validado. Control de calidad EMS |
| 942 ## - ELEMENTOS DE PUNTO DE ACCESO ADICIONAL (KOHA) |
| Fuente del sistema de clasificación o colocación |
Dewey Decimal Classification |
| Tipo de ítem Koha |
Libro |